REVIEW OF FORENSIC MEDICINE AND TOXICOLOGY (Record no. 10681)

MARC details
000 -LEADER
fixed length control field 00331nam a22001457a 4500
003 - CONTROL NUMBER IDENTIFIER
control field SGT
082 ## - DEWEY DECIMAL CLASSIFICATION NUMBER
Classification number 614.1
Item number R15B
100 ## - MAIN ENTRY--PERSONAL NAME
Personal name BISWAS, GAUTAM
245 ## - TITLE STATEMENT
Title REVIEW OF FORENSIC MEDICINE AND TOXICOLOGY
250 ## - EDITION STATEMENT
Edition statement 3RD
260 ## - PUBLICATION, DISTRIBUTION, ETC. (IMPRINT)
Place of publication, distribution, etc INDIA
Name of publisher, distributor, etc JAYPEE
Year of Publication 2015
300 ## - PAGE DESCRIPTION
No. of Pages 657
650 ## - SUBJECT ADDED ENTRY--TOPICAL TERM
Topical term or geographic name as entry element FORENSIC MEDICINE
942 ## - ADDED ENTRY ELEMENTS (KOHA)
Source of classification or shelving scheme Dewey Decimal Classification
Koha item type Books
942 ## - ADDED ENTRY ELEMENTS (KOHA)
-- 77
Holdings
Withdrawn status Lost status Source of classification or shelving scheme Damaged status Not for loan Collection code Home library Current library Shelving location Date acquired SGTU Total Checkouts Full call number Accession No. (Barcode) Date last seen Date last borrowed Bill Date Koha item type Total Renewals
    Dewey Decimal Classification     MEDICAL SGT Medical Library SGT Medical Library Text Book 30/01/2017 SGTU 35 614.1 R15B FM8023 23/12/2023 13/12/2023 30/01/2017 Books  
    Dewey Decimal Classification     MEDICAL SGT Medical Library SGT Medical Library Text Book 30/01/2017 SGTU 26 614.1 R15B FM8024 05/06/2026 23/05/2026 30/01/2017 Books  
    Dewey Decimal Classification     MEDICAL SGT Medical Library SGT Medical Library Text Book 30/01/2017 SGTU 46 614.1 R15B FM8025 17/12/2025 16/12/2025 30/01/2017 Books 3